ბათუმის შოთა რუსთაველის სახელმწიფო უნივერსიტეტის ბიბლიოთეკა

Востановление и контроль качества нефтепродуктов. (ბიბ.ჩანაწერი № 37113)

000 -LEADER
fixed length control field 00630nam a2200205Ia 4500
001 - CONTROL NUMBER
control field 3069
003 - CONTROL NUMBER IDENTIFIER
control field GE_BSU
008 - FIXED-LENGTH DATA ELEMENTS--GENERAL INFORMATION
fixed length control field 181216s||||||||xx |||||||||||||| ||und||
040 ## - CATALOGING SOURCE
Transcribing agency GE_BSU
080 ## - UNIVERSAL DECIMAL CLASSIFICATION NUMBER
Universal Decimal Classification number 665.5
100 ## - MAIN ENTRY--PERSONAL NAME
Personal name Большаков,Г.Ф
245 ## - TITLE STATEMENT
Title Востановление и контроль качества нефтепродуктов.
245 ## - TITLE STATEMENT
Statement of responsibility, etc. Ред.изд-во А.И.Лимберг.
260 ## - PUBLICATION, DISTRIBUTION, ETC.
Place of publication, distribution, etc. Л.
260 ## - PUBLICATION, DISTRIBUTION, ETC.
Name of publisher, distributor, etc. Недра.
260 ## - PUBLICATION, DISTRIBUTION, ETC.
Date of publication, distribution, etc. 1974.
300 ## - PHYSICAL DESCRIPTION
Extent 314стр.22см.
653 ## - INDEX TERM--UNCONTROLLED
Uncontrolled term Востановление и контроль качества нефтепродуктов.
942 ## - ADDED ENTRY ELEMENTS (KOHA)
Koha item type წიგნი
ეგზემპლარები
Withdrawn status Lost status Damaged status Not for loan Date acquired Barcode Date last seen Price effective from Koha item type
        2018-12-17 9498 2018-12-17 2018-12-17 წიგნი
        2018-12-17 9499 2018-12-17 2018-12-17 წიგნი